La conversión de Azaña / (Record no. 189477)

MARC details
000 -LEADER
campo de control de longitud fija 00636nam a2200193 i 4500
001 - NÚMERO DE CONTROL
campo de control 189477
003 - IDENTIFICADOR DE NÚMERO DE CONTROL
campo de control SpMaBN
005 - FECHA Y HORA DE LA ÚLTIMA TRANSACCIÓN
campo de control 20250724063438.0
008 - DATOS DE LONGITUD FIJA--INFORMACIÓN GENERAL
campo de control de longitud fija 190604s1986 sp |||| |dspa d
080 ## - NÚMERO DE LA CLASIFICACIÓN DECIMAL UNIVERSAL
Número de la Clasificación Decimal Universal 929 Azaña, Manuel:282
100 1# - ENTRADA PRINCIPAL--NOMBRE DE PERSONA
Nombre de persona Verd Conradi, Gabriel María,
Fechas asociadas al nombre 1940-
9 (RLIN) 167239
245 13 - MENCIÓN DEL TÍTULO
Título La conversión de Azaña /
Mención de responsabilidad, etc. Gabriel M. Verd.
260 ## - PUBLICACIÓN, DISTRIBUCIÓN, ETC.
Lugar de publicación, distribución, etc. [Madrid :
Nombre del editor, distribuidor, etc. Razón y Fe,
Fecha de publicación, distribución, etc. 1986]
300 ## - DESCRIPCIÓN FÍSICA
Extensión P. 420-434 ;
Dimensiones 24 cm.
595 ## -
-- Separata de: Razón y fe, t. 214, n. 1058, dic. 1986.
600 17 - PUNTO DE ACCESO ADICIONAL DE MATERIA--NOMBRE DE PERSONA
Nombre de persona Azaña, Manuel, 1880-1940-
Subdivisión general Religión
Fuente del encabezamiento o término
9 (RLIN) 167238
852 ## - LOCALIZACIÓN
Ubicación ES-MaACL
Número de control de estantería 2340-F-27
Holdings
Estatus retirado Estado de pérdida Estado de daño No para préstamo Colección Biblioteca de origen Biblioteca actual Ubicación en estantería Fecha de adquisición Fuente de adquisición Total de préstamos Signatura topográfica completa Código de barras Visto por última vez Precio de reemplazo Tipo de ítem Koha
        Colección de folletos Biblioteca del Ateneo de Madrid Biblioteca del Ateneo de Madrid Depósito folletos 04/06/2019     2340-F-27 1200762 23/02/2023 23/02/2023 Folleto